| 000 | 01797nam2a22002291 4500 | ||
|---|---|---|---|
| 001 | RU\NLR\A1SV\77417 | ||
| 005 | 20251203152403.2 | ||
| 035 | _a(NLR Aleph) 009758892 | ||
| 090 |
_a13483020 _c13483020 |
||
| 100 | _a20070301d1920 u y0rusy50 ca | ||
| 101 | 0 | _arus | |
| 200 | 0 | _a1 | |
| 210 | _d1920 | ||
| 215 | _a[2], 17 с. | ||
| 327 | 1 |
_aПоложение о книжном коллекторе _aЗаведующим районных библиотечных секций: Инструкция № 1 _aИнструкторам центральным, районным и уездным: Инструкция № 2 _aОтветственным библиотечным работникам для руководства в их социально-педагогической деятельности: Инструкция № 3 _aПрограмма занятий в семинариях по библиотечному делу |
|
| 461 | 1 |
_1001RU\NLR\A1SV\77416 _12000#$aМатериалы по организации библиотечного дела г. Петрограда и Петроградской губернии$fЦентр. библ. секция. Внешк. подотд. П. Губ. ОНО$v1 _910010531 _aЛенинградский губернский отдел народного образования. Центральная библиотечная секция _cПб. _d1920-1921 _fЦентр. библ. секция. Внешк. подотд. П. Губ. ОНО _n5-я Гос. тип. _tМатериалы по организации библиотечного дела г. Петрограда и Петроградской губернии _v1 |
|
| 801 | 0 |
_aRU _bNLR _c20070301 |
|
| 852 |
_aNLR _jБ 6025/М341 |
||
| 942 | _cBOOK | ||
| 980 | _aA1SV | ||
| 980 | _aNB | ||